ՀՀ Գիտությունների ազգային ակադեմիայի հիմնարար գիտական գրադարան  =   Fundamental Scientific Library of NAS RA

Александръ Ивановичъ Герценъ (Record no. 154346)

MARC details
000 -LEADER
fixed length control field 00969nam a2200229 u 4500
001 - CONTROL NUMBER
control field 000406289
003 - CONTROL NUMBER IDENTIFIER
control field AM-YeHGA
005 - DATE AND TIME OF LATEST TRANSACTION
control field 20250617132618.0
008 - FIXED-LENGTH DATA ELEMENTS--GENERAL INFORMATION
fixed length control field 050129s1907 ||| r 000 0 rus d
040 ## - CATALOGING SOURCE
Original cataloging agency AM-YeHGA
041 0# - LANGUAGE CODE
Language code of text/sound track or separate title rus
090 ## - LOCALLY ASSIGNED LC-TYPE CALL NUMBER (OCLC); LOCAL CALL NUMBER (RLIN)
-- 155744
245 00 - TITLE STATEMENT
Title Александръ Ивановичъ Герценъ
Remainder of title [Материалы : Бесплат. прил. къ "Биржевымъ ведомостямъ"] /.
250 ## - EDITION STATEMENT
Edition statement 2-е изд.
260 ## - PUBLICATION, DISTRIBUTION, ETC.
Place of publication, distribution, etc. С.-Петербургъ :
Name of publisher, distributor, etc. Изд. и тип. С.М. Проппера,
Date of publication, distribution, etc. 1907.
440 #0 - SERIES STATEMENT/ADDED ENTRY--TITLE
Title Библiотека освободительнаго движенiя
Volume/sequential designation Вып. 7
490 1# - SERIES STATEMENT
Series statement Историческая библiотека / Подъ ред. С.М. Проппера
504 ## - BIBLIOGRAPHY, ETC. NOTE
Bibliography, etc. note Библиогр.: с. 639
600 14 - SUBJECT ADDED ENTRY--PERSONAL NAME
Personal name Герцен, Александр Иванович
653 0# - INDEX TERM--UNCONTROLLED
Uncontrolled term Русская литература
830 #0 - SERIES ADDED ENTRY--UNIFORM TITLE
Uniform title Историческая библiотека
Holdings
Withdrawn status Lost status Damaged status Not for loan Collection Home library Current library Date acquired Total checkouts Full call number Barcode Date last seen Price effective from Koha item type Public note
        General Fundamental Scientific Library Fundamental Scientific Library 28/12/2016   9(47+57)16+891.71(092) 110051062 28/12/2016 28/12/2016 Գրքեր / Books Two weeks Loan


ՀՀ ԳԱԱ հիմնարար գիտական գրադարան
ՀՀ,Երևան 0019
Մարշալ Բաղրամյան 24/6
հեռախոս:(374-10) 52-47-50
Հետադարձ կապ

All site content, except where otherwise noted, is licensed under a
Creative Commons License